| 000 | 01738cam a2200385 a 4500 | ||
|---|---|---|---|
| 999 |
_c7174 _d7174 |
||
| 001 | 13844224 | ||
| 003 | GBCCL | ||
| 005 | 20241126110621.0 | ||
| 008 | 050118s2006 miua bd 001 0 eng | ||
| 010 | _a 2005000820 | ||
| 020 | _a0310239540 (alk. paper) | ||
| 040 |
_aDLC _cDLC _dDLC |
||
| 050 | 0 | 0 |
_aBL31 _b.M295 2006 |
| 082 | 0 | 0 |
_a200.3 _222 _bNIC |
| 100 | 1 |
_aNichols, Larry A. _91745 |
|
| 245 | 1 | 0 |
_aEncyclopedic dictionary of cults, sects, and world religions / _cLarry A. Nichols, George A. Mather, Alvin J. Schmidt ; Kurt Van Gorden, consulting editor. |
| 250 | _aRev. and updated ed. | ||
| 260 |
_aGrand Rapids, Mich. : _bZondervan, _cc2006. |
||
| 300 |
_a544 p. : _bill. ; _c24 cm. |
||
| 500 | _aRev. ed. of: Dictionary of cults, sects, religions, and the occult. 1993. | ||
| 504 | _aIncludes bibliographical references (p. 477-521) and index. | ||
| 520 | _a"This updated dictionary explores a variety of religious beliefs"--Provided by publisher. | ||
| 650 | 0 |
_aReligions _vDictionaries. _91741 |
|
| 650 | 0 |
_aCults _vDictionaries. _91742 |
|
| 650 | 0 |
_aSects _vDictionaries. _91743 |
|
| 700 | 1 |
_aMather, George A. _91740 |
|
| 700 | 1 |
_aSchmidt, Alvin J. _912689 |
|
| 700 | 1 |
_aVan Gorden, Kurt. _94864 |
|
| 700 | 1 |
_aMather, George A. _tDictionary of cults, sects, religions, and the occult. _912690 |
|
| 856 | 4 | 1 |
_3Table of contents only _uhttp://www.loc.gov/catdir/toc/ecip056/2005000820.html |
| 856 | 4 | 2 |
_3Publisher description _uhttp://www.loc.gov/catdir/enhancements/fy0633/2005000820-d.html |
| 906 |
_a7 _bcbc _corignew _d1 _eecip _f20 _gy-gencatlg |
||
| 942 |
_2ddc _cREF |
||